| 000 | 00811nam a22002417a 4500 | ||
|---|---|---|---|
| 005 | 20150514144810.0 | ||
| 010 | _aENG-112645 | ||
| 020 |
_c145.00 _a9788123765686 |
||
| 020 |
_a8123765681 _c145.00 |
||
| 035 | _aEN-96177 | ||
| 037 | _bDBAD/PUB | ||
| 082 | _a333.750954 | ||
| 100 | _aKarunakaran, C.K. | ||
| 245 | 0 | 0 |
_aThe ailing forests of India / _cby C.K. Karunakaran |
| 260 |
_aNew Delhi _bNational Book Trust _c2012 |
||
| 270 |
_aNehru Bhawan, 5 Institutional area, Phase-ll Vasant Kunj _bNew Delhi _e110070 |
||
| 300 |
_a328p. _c22cm(pbk) |
||
| 490 | _a India--the land and the people | ||
| 500 | _aIncludes bibliographical references (p. [325]). | ||
| 650 |
_a Forests and forestry _zIndia _xHistory. |
||
| 650 |
_aForest policy _z India. |
||
| 942 |
_2ddc _cEN _mKAR _h333.750954 |
||
| 999 |
_c92899 _d92899 |
||